<?xml version="1.0" encoding="UTF-8"?>
<marc:record xmlns:marc="http://www.loc.gov/MARC21/slim">
   <marc:leader>00000nam a2200000 a 4500</marc:leader>
   <marc:datafield ind1="1" ind2=" " tag="100">
      <marc:subfield code="a">Klein, Gerhard</marc:subfield>
      <marc:subfield code="4">aut</marc:subfield>
      <marc:subfield code="e">Verfasser/-in</marc:subfield>
   </marc:datafield>
   <marc:datafield ind1=" " ind2=" " tag="653">
      <marc:subfield code="a">Lebensgeschichte</marc:subfield>
   </marc:datafield>
   <marc:datafield ind1=" " ind2=" " tag="653">
      <marc:subfield code="a">Lebensbeschreibung</marc:subfield>
   </marc:datafield>
   <marc:datafield ind1=" " ind2=" " tag="653">
      <marc:subfield code="a">Biografie</marc:subfield>
   </marc:datafield>
   <marc:datafield ind1="0" ind2="0" tag="245">
      <marc:subfield code="a">Ich muss meinen Weg gehen...</marc:subfield>
   </marc:datafield>
   <marc:datafield ind1="0" ind2="0" tag="245">
      <marc:subfield code="b">Lebensgeschichten aus der Sendung FeierAbend</marc:subfield>
   </marc:datafield>
   <marc:datafield ind1=" " ind2="1" tag="264">
      <marc:subfield code="b">Styria Verl.</marc:subfield>
      <marc:subfield code="c">2013</marc:subfield>
   </marc:datafield>
   <marc:datafield ind1="1" ind2=" " tag="520">
      <marc:subfield code="a">Dieser Band vereint ausgewählte Gespräche mit ganz besonderen Menschen aus der erfolgreichen ORF-Sendung FeierAbend . Ich muss meinen Weg gehen und das tun, wovon ich überzeugt bin! Erwin Kräutler ist Bischof von Amazonien/Altamira. Der gebürtige Vorarlberger engagiert sich seit Jahrzehnten für Menschenrechte und gegen die Zerstörung des Regenwaldes. Dafür wurde er bereits verhaftet, gefoltert und mit dem Tod bedroht. Doch Erwin Kräutler lässt sich nicht beirren geht es doch ums Überleben der Indios. Ich meine, dass ich diesen Weg gehe, weil es meine Sendung ist und ich von Gott die Kraft dazu bekomme , sagt der Bischof. Dieses Bewusstsein verbindet die Menschen, die in diesem Buch vorgestellt werden, mit Bischof Erwin Kräutler: Sie alle setzen sich aus christlicher Motivation heraus für Menschenwürde und Lebensqualität ein: ob es ums nackte Überleben geht, darum, aus ausweglos scheinenden Situationen wieder ins Leben zurückzufinden oder Sinn im Leben zu finden. Sie alle können durch ihr Tun, ihr Denken und ihre Einstellung zum Leben andere motivieren, den eigenen Weg zu finden und zu gehen und auch ihre Stimme gegen menschenverachtende, lebenshindernde Strukturen zu erheben.
Erwin Kräutler, Samuel Koch, Schwester Huberta Rohrmoser, Christoph und Philipp Schönborn, Andy Holzer, Pater Georg Sporschill und Ruth Zenkert, Jean Ziegler und Michael Bünker, Ines Pfundner, Walter Kirchschläger, Bruder Raimund von der Thannen.</marc:subfield>
   </marc:datafield>
   <marc:datafield ind1=" " ind2=" " tag="020">
      <marc:subfield code="a">9783222134203</marc:subfield>
      <marc:subfield code="9">9783222134203</marc:subfield>
   </marc:datafield>
</marc:record>
